| 000 -ლიდერი |
| ფიქსირებული სიგრძის საკონტროლო ველი |
01071nam a22001937a 4500 |
| 003 - საკონტროლო ნომრის იდენტიფიკატორი |
| საკონტროლო ველი |
Ge_BSU |
| 005 - ბოლო ოპერაციის თარიღი და დრო |
| საკონტროლო ველი |
20260211110331.0 |
| 008 - ფიქსირებული სიგრძის მონაცემთა ელემენტები - ზოგადი ინფორმაცია |
| ფიქსირებული სიგრძის საკონტროლო ველი |
260211s1997 ge ||||| |||| 00| 0 geo d |
| 041 ## - ენის კოდი |
| Language code of text/sound track or separate title |
geo |
| 080 ## - უნივერსალური ათობითი კლასიფიკაციის ინდექსი |
| Universal Decimal Classification number |
338(479.22) ე-49 |
| 245 ## - ცნობა სათაურის შესახებ |
| Title |
ეკონომიკის აქტუალური საკითხები : |
| Remainder of title |
(სამეცნიერო ნაშრომთა კრებული). გამოშვება 2 / |
| Statement of responsibility, etc |
თსუ; [სარედ. კოლ.: ლ. ყორღანაშვილი (მთ. რედ.) და სხვ.]. |
| 250 ## - გამოცემის ცნობა |
| Edition statement |
გამოშვება 2 |
| 264 ## - წარმოების, გამოცემის, დისტრიბუციის და სხვა ცნობები |
| გამოცემის, წარმოების, დისტრიბუციის... ადგილი |
თბილისი : |
| გამოცემის, წარმოების, დისტრიბუციის... სახელწოდება |
თბილ. უნ-ტის გამ-ბა, |
| გამოცემის, წარმოების, დისტრიბუციის... თარიღი |
1997. |
| 300 ## - ფიზიკური აღწერა |
| Extent |
145 გვ.; |
| Other physical details |
20 სმ. |
| 653 ## - INDEX TERM--UNCONTROLLED |
| Uncontrolled term |
საქართველოს ეკონომიკა. |
| 700 ## - ADDED ENTRY--PERSONAL NAME |
| Personal name |
ყორღანაშვილი, ლ. |
| Relator term |
რედაქტორი |
| 9 (RLIN) |
22451 |
| 710 ## - ADDED ENTRY--CORPORATE NAME |
| Corporate name or jurisdiction name as entry element |
თბილისის სახელმწიფო უნივერსიტეტი. |
| 9 (RLIN) |
26866 |
| 942 ## - ADDED ENTRY ELEMENTS (KOHA) |
| Source of classification or shelving scheme |
|
| Koha item type |
წიგნი |